[Event "Mitropa Online Cup Women 2021"]
[Site "Hybrid"]
[Date "2021.05.04"]
[Round "7.1"]
[White "Brunello, Marina"]
[Black "Schneider, Jana"]
[Result "1/2-1/2"]
[WhiteElo "2367"]
[BlackElo "2272"]
[Annotator "NA"]
[PlyCount "109"]
[EventDate "2021.05.04"]
[EventType "team-tourn"]
[EventCountry "NET"]
[SourceTitle "playchess.com"]
[Source "ChessBase"]
[SourceQuality "1"]
[WhiteTeam "Italy"]
[BlackTeam "Germany"]
[WhiteTeamCountry "ITA"]
[BlackTeamCountry "GER"]
[TimeControl "40/5400+30:1800+30"]

1. e4 {[%emt 0:00:00]} e5 {[%emt 0:00:11]} 2. Nf3 {[%emt 0:00:38]} Nc6 {[%emt 0:00:09]} 3. Bc4 {[%emt 0:00:04]} Bc5 {[%emt 0:00:08]} 4. d3 {[%emt 0:00:05]} Nf6 {[%emt 0:00:09]} 5. O-O {[%emt 0:00:04]} d6 {[%emt 0:00:36]} 6. c3 {[%emt 0:04:27]} a6 {[%emt 0:00:23]} 7. a4 {[%emt 0:03:28]} Ba7 {[%emt 0:00:39]} 8. Na3 {[%emt 0:00:41]} O-O {[%emt 0:00:34]} 9. Bb3 {[%emt 0:01:24]} Ne7 {[%emt 0:01:30]} 10. Bc2 {[%emt 0:00:42]} Ng6 {[%emt 0:02:18]} 11. h3 {[%emt 0:00:42]} Nh5 {[%emt 0:13:57]} 12. Bg5 {[%emt 0:21:39]} Qe8 {[%emt 0:09:53]} 13. Be3 {[%emt 0:05:01]} Nhf4 {[%emt 0:01:52]} 14. d4 {[%emt 0:03:45]} Qe6 {[%emt 0:05:37]} 15. Bb3 {[%emt 0:16:12]} Qf6 {[%emt 0:03:28]} 16. Nc4 {[%emt 0:03:20]} Rd8 {[%emt 0:05:15]} 17. Ncd2 {[%emt 0:02:48]} h6 {[%emt 0:14:11]} 18. Bc4 {[%emt 0:03:27]} Ne6 {[%emt 0:02:52]} 19. Nb3 {[%emt 0:04:58]} Ngf4 {[%emt 0:00:56]} 20. Kh2 {[%emt 0:01:33]} Nf8 {[%emt 0:17:05]} 21. Re1 {[%emt 0:02:20]} g5 {[%emt 0:02:00]} 22. Bxf4 {[%emt 0:01:11]} Qxf4+ {[%emt 0:01:22]} 23. g3 {[%emt 0:00:10]} Qf6 {[%emt 0:00:07]} 24. Kg2 {[%emt 0:00:06]} Kg7 {[%emt 0:00:40]} 25. Nh2 {[%emt 0:00:31]} Be6 {[%emt 0:04:05]} 26. Ng4 {[%emt 0:02:57]} Bxg4 {[%emt 0:01:40]} 27. hxg4 {[%emt 0:00:04]} exd4 {[%emt 0:03:47]} 28. Nxd4 {[%emt 0:06:04]} Bxd4 {[%emt 0:00:08]} 29. Qxd4 {[%emt 0:00:33]} Qxd4 {[%emt 0:00:24]} 30. cxd4 {[%emt 0:00:02]} Ne6 {[%emt 0:01:17]} 31. d5 {[%emt 0:03:59]} Nc5 {[%emt 0:01:08]} 32. a5 {[%emt 0:00:24]} Re8 {[%emt 0:01:05]} 33. f3 {[%emt 0:00:22]} Re7 {[%emt 0:01:24]} 34. Rec1 {[%emt 0:01:28]} h5 {[%emt 0:02:48]} 35. b4 {[%emt 0:01:28]} Nd7 {[%emt 0:00:12]} 36. gxh5 {[%emt 0:02:29]} g4 {[%emt 0:00:07]} 37. fxg4 {[%emt 0:02:52]} Rxe4 {[%emt 0:02:29]} 38. Bd3 {[%emt 0:00:03]} Rxb4 {[%emt 0:00:11]} 39. Rxc7 {[%emt 0:00:06]} Ne5 {[%emt 0:00:09]} 40. Bf5 {[%emt 0:00:00]} Nxg4 {[%emt 0:00:00]} 41. Bxg4 {[%emt 0:03:02]} Rxg4 {[%emt 0:05:06]} 42. Rf1 {[%emt 0:05:20]} Rf8 {[%emt 0:01:58]} 43. Rxb7 {[%emt 0:02:18]} Rg5 {[%emt 0:02:58]} 44. h6+ {[%emt 0:02:07]} Kxh6 {[%emt 0:06:37]} 45. Rf6+ {[%emt 0:00:06]} Kg7 {[%emt 0:00:07]} 46. Rxd6 {[%emt 0:00:04]} Rc8 {[%emt 0:00:29]} 47. Rb3 {[%emt 0:06:24]} Rc2+ {[%emt 0:01:12]} 48. Kf3 {[%emt 0:00:20]} Ra2 {[%emt 0:00:09]} 49. Rd3 {[%emt 0:00:17]} Rxa5 {[%emt 0:00:29]} 50. Rd8 {[%emt 0:00:15]} Kf6 {[%emt 0:00:55]} 51. d6 {[%emt 0:00:26]} Rad5 {[%emt 0:01:54]} 52. Rxd5 {[%emt 0:00:37]} Rxd5 {[%emt 0:00:08]} 53. d7 {[%emt 0:00:03]} Ke7 {[%emt 0:00:15]} 54. Ra8 {[%emt 0:00:02]} Rxd7 {[%emt 0:00:13]} 55. Rxa6 {[%emt 0:00:02]} 1/2-1/2

[Event "Mitropa Online Cup Women 2021"]
[Site "Hybrid"]
[Date "2021.05.04"]
[Round "7.1"]
[White "Klek, Hanna Marie"]
[Black "Zimina, Olga"]
[Result "0-1"]
[WhiteElo "2302"]
[BlackElo "2354"]
[Annotator "NA"]
[PlyCount "104"]
[EventDate "2021.05.04"]
[EventType "team-tourn"]
[EventCountry "NET"]
[SourceTitle "playchess.com"]
[Source "ChessBase"]
[SourceQuality "1"]
[WhiteTeam "Germany"]
[BlackTeam "Italy"]
[WhiteTeamCountry "GER"]
[BlackTeamCountry "ITA"]
[TimeControl "40/5400+30:1800+30"]

1. e4 {[%emt 0:00:00]} c6 {[%emt 0:00:12]} 2. d4 {[%emt 0:00:06]} d5 {[%emt 0:00:09]} 3. e5 {[%emt 0:00:04]} Bf5 {[%emt 0:00:06]} 4. h4 {[%emt 0:00:06]} h5 {[%emt 0:00:08]} 5. Bd3 {[%emt 0:00:06]} Bxd3 {[%emt 0:00:08]} 6. Qxd3 {[%emt 0:00:07]} e6 {[%emt 0:00:07]} 7. Bg5 {[%emt 0:00:07]} Be7 {[%emt 0:00:07]} 8. Nf3 {[%emt 0:00:08]} Nh6 {[%emt 0:00:06]} 9. Bxh6 {[%emt 0:00:10]} Rxh6 {[%emt 0:00:08]} 10. Nbd2 {[%emt 0:00:08]} c5 {[%emt 0:00:16]} 11. c3 {[%emt 0:00:07]} Nc6 {[%emt 0:00:07]} 12. a3 {[%emt 0:00:12]} a5 {[%emt 0:00:55]} 13. g3 {[%emt 0:01:48]} Rg6 {[%emt 0:02:18]} 14. Kf1 {[%emt 0:03:25]} Qb6 {[%emt 0:02:37]} 15. Kg2 {[%emt 0:01:26]} a4 {[%emt 0:00:13]} 16. Rab1 {[%emt 0:00:43]} Qa7 {[%emt 0:07:19]} 17. Rhd1 {[%emt 0:02:09]} Kf8 {[%emt 0:02:45]} 18. dxc5 {[%emt 0:04:50]} Bxc5 {[%emt 0:00:40]} 19. Qe2 {[%emt 0:00:11]} Qa6 {[%emt 0:09:32]} 20. c4 {[%emt 0:11:41]} Be7 {[%emt 0:05:13]} 21. Rbc1 {[%emt 0:06:33]} Rd8 {[%emt 0:09:56]} 22. Qf1 {[%emt 0:17:09]} Qb6 {[%emt 0:05:40]} 23. Rc2 {[%emt 0:04:39]} d4 {[%emt 0:20:52]} 24. Qd3 {[%emt 0:05:00]} Qc7 {[%emt 0:04:38]} 25. Re1 {[%emt 0:02:00]} b6 {[%emt 0:01:04]} 26. Kh2 {[%emt 0:04:03]} Kg8 {[%emt 0:00:29]} 27. Rcc1 {[%emt 0:03:19]} Rg4 {[%emt 0:03:37]} 28. Re2 {[%emt 0:02:24]} Na5 {[%emt 0:10:32]} 29. Rd1 {[%emt 0:10:46]} Nb7 {[%emt 0:03:25]} 30. b4 {[%emt 0:00:30]} axb3 {[%emt 0:00:45]} 31. Nxb3 {[%emt 0:00:52]} Nc5 {[%emt 0:03:50]} 32. Nxc5 {[%emt 0:00:28]} Qxc5 {[%emt 0:00:31]} 33. Ne1 {[%emt 0:01:40]} Qxa3 {[%emt 0:05:25]} 34. f3 {[%emt 0:00:39]} Rg6 {[%emt 0:00:34]} 35. Qxa3 {[%emt 0:02:51]} Bxa3 {[%emt 0:00:11]} 36. Nd3 {[%emt 0:02:48]} Bc5 {[%emt 0:02:00]} 37. Ra2 {[%emt 0:01:56]} Rc8 {[%emt 0:01:17]} 38. Ra7 {[%emt 0:03:54]} f6 {[%emt 0:00:32]} 39. Rb7 {[%emt 0:05:24]} fxe5 {[%emt 0:00:11]} 40. Nxe5 {[%emt 0:00:00]} Rf6 {[%emt 0:00:00]} 41. Ra1 {[%emt 0:06:24]} Bd6 {[%emt 0:14:16]} 42. f4 {[%emt 0:02:02]} Bxe5 {[%emt 0:00:52]} 43. fxe5 {[%emt 0:00:05]} Rg6 {[%emt 0:09:04]} 44. Rxb6 {[%emt 0:07:15]} Rxc4 {[%emt 0:00:11]} 45. Rd1 {[%emt 0:06:36]} Rc2+ {[%emt 0:00:35]} 46. Kh3 {[%emt 0:00:26]} Rc3 {[%emt 0:02:30]} 47. Rxd4 {[%emt 0:02:42]} Rgxg3+ {[%emt 0:01:15]} 48. Kh2 {[%emt 0:00:07]} Rge3 {[%emt 0:00:15]} 49. Rb2 {[%emt 0:03:20]} Rxe5 {[%emt 0:00:31]} 50. Rg2 {[%emt 0:00:25]} Ree3 {[%emt 0:00:47]} 51. Rgd2 {[%emt 0:03:28]} Kh7 {[%emt 0:00:41]} 52. Rd6 {[%emt 0:01:27]} Rc4 {[%emt 0:00:35]} 0-1

[Event "Mitropa Online Cup Women 2021"]
[Site "Hybrid"]
[Date "2021.05.04"]
[Round "7.1"]
[White "Sedina, Elena"]
[Black "Muetsch, Annmarie"]
[Result "1-0"]
[WhiteElo "2291"]
[BlackElo "2266"]
[Annotator "NA"]
[PlyCount "139"]
[EventDate "2021.05.04"]
[EventType "team-tourn"]
[EventCountry "NET"]
[SourceTitle "playchess.com"]
[Source "ChessBase"]
[SourceQuality "1"]
[WhiteTeam "Italy"]
[BlackTeam "Germany"]
[WhiteTeamCountry "ITA"]
[BlackTeamCountry "GER"]
[TimeControl "40/5400+30:1800+30"]

1. e4 {[%emt 0:00:00]} d6 {[%emt 0:00:11]} 2. d4 {[%emt 0:00:15]} Nf6 {[%emt 0:00:08]} 3. Nc3 {[%emt 0:00:11]} Nbd7 {[%emt 0:00:13]} 4. Nf3 {[%emt 0:01:01]} e5 {[%emt 0:00:14]} 5. Bc4 {[%emt 0:00:10]} Be7 {[%emt 0:00:08]} 6. a4 {[%emt 0:00:46]} c6 {[%emt 0:00:44]} 7. O-O {[%emt 0:04:46]} Qc7 {[%emt 0:02:05]} 8. Re1 {[%emt 0:01:44]} h6 {[%emt 0:00:22]} 9. a5 {[%emt 0:14:22]} Nf8 {[%emt 0:02:06]} 10. Be3 {[%emt 0:01:49]} Ng4 {[%emt 0:04:21]} 11. Bc1 {[%emt 0:22:13]} g5 {[%emt 0:10:07]} 12. a6 {[%emt 0:16:08]} b5 {[%emt 0:03:41]} 13. Bf1 {[%emt 0:06:55]} Ng6 {[%emt 0:08:18]} 14. Ne2 {[%emt 0:14:15]} Nf6 {[%emt 0:21:18]} 15. Ng3 {[%emt 0:05:44]} Nh4 {[%emt 0:11:21]} 16. Nxh4 {[%emt 0:03:05]} gxh4 {[%emt 0:00:08]} 17. Nf5 {[%emt 0:01:23]} Bxf5 {[%emt 0:01:14]} 18. exf5 {[%emt 0:00:06]} e4 {[%emt 0:01:03]} 19. Bf4 {[%emt 0:04:00]} Qd7 {[%emt 0:01:19]} 20. f3 {[%emt 0:00:29]} Qxf5 {[%emt 0:01:51]} 21. Qd2 {[%emt 0:00:02]} d5 {[%emt 0:05:14]} 22. Be5 {[%emt 0:00:45]} Kf8 {[%emt 0:05:11]} 23. Qf4 {[%emt 0:00:38]} Qxf4 {[%emt 0:01:50]} 24. Bxf4 {[%emt 0:00:02]} Nh5 {[%emt 0:00:49]} 25. Bd2 {[%emt 0:00:06]} f5 {[%emt 0:03:09]} 26. Be2 {[%emt 0:00:07]} Ng7 {[%emt 0:00:30]} 27. fxe4 {[%emt 0:01:42]} dxe4 {[%emt 0:00:07]} 28. Bf4 {[%emt 0:00:22]} Kf7 {[%emt 0:00:38]} 29. c3 {[%emt 0:00:30]} Rad8 {[%emt 0:02:11]} 30. b3 {[%emt 0:00:27]} Bf6 {[%emt 0:01:12]} 31. Rf1 {[%emt 0:00:09]} b4 {[%emt 0:00:42]} 32. Bc4+ {[%emt 0:01:09]} Ke7 {[%emt 0:00:30]} 33. Be5 {[%emt 0:00:23]} bxc3 {[%emt 0:00:40]} 34. Rac1 {[%emt 0:00:07]} Bxe5 {[%emt 0:06:47]} 35. dxe5 {[%emt 0:00:03]} Rd2 {[%emt 0:02:58]} 36. Rxc3 {[%emt 0:00:08]} Rhd8 {[%emt 0:00:34]} 37. Rh3 {[%emt 0:01:48]} Rb2 {[%emt 0:02:31]} 38. Rxh4 {[%emt 0:00:28]} Rdd2 {[%emt 0:00:23]} 39. g4 {[%emt 0:00:17]} Rg2+ {[%emt 0:01:19]} 40. Kh1 {[%emt 0:00:00]} Rgf2 {[%emt 0:00:00]} 41. Rxf2 {[%emt 0:02:38]} Rxf2 {[%emt 0:01:24]} 42. gxf5 {[%emt 0:00:18]} Nxf5 {[%emt 0:01:18]} 43. Rxe4 {[%emt 0:03:16]} Ng7 {[%emt 0:05:41]} 44. Kg1 {[%emt 0:14:00]} Rf5 {[%emt 0:06:32]} 45. Rg4 {[%emt 0:04:13]} Ne8 {[%emt 0:04:17]} 46. Rg6 {[%emt 0:01:02]} Rxe5 {[%emt 0:01:05]} 47. Rxh6 {[%emt 0:00:26]} Nf6 {[%emt 0:03:32]} 48. Rg6 {[%emt 0:00:14]} Ne4 {[%emt 0:04:17]} 49. Rxc6 {[%emt 0:05:56]} Rg5+ {[%emt 0:00:11]} 50. Kf1 {[%emt 0:00:05]} Nd2+ {[%emt 0:00:11]} 51. Kf2 {[%emt 0:01:03]} Rh5 {[%emt 0:01:47]} 52. Kg3 {[%emt 0:02:08]} Rg5+ {[%emt 0:00:36]} 53. Kf4 {[%emt 0:00:40]} Rh5 {[%emt 0:00:18]} 54. Kg3 {[%emt 0:01:28]} Rg5+ {[%emt 0:00:05]} 55. Kf4 {[%emt 0:00:38]} Rh5 {[%emt 0:00:07]} 56. Re6+ {[%emt 0:00:17]} Kd7 {[%emt 0:00:22]} 57. Re2 {[%emt 0:00:03]} Nxc4 {[%emt 0:00:18]} 58. bxc4 {[%emt 0:00:03]} Rh4+ {[%emt 0:00:03]} 59. Kg5 {[%emt 0:00:08]} Rxc4 {[%emt 0:00:04]} 60. h4 {[%emt 0:00:29]} Kc6 {[%emt 0:02:34]} 61. h5 {[%emt 0:00:49]} Kb5 {[%emt 0:01:17]} 62. Re6 {[%emt 0:00:25]} Rc1 {[%emt 0:00:44]} 63. h6 {[%emt 0:00:09]} Rg1+ {[%emt 0:00:08]} 64. Kf6 {[%emt 0:00:05]} Rf1+ {[%emt 0:00:25]} 65. Kg7 {[%emt 0:00:04]} Rg1+ {[%emt 0:00:16]} 66. Rg6 {[%emt 0:00:04]} Rc1 {[%emt 0:00:22]} 67. h7 {[%emt 0:00:07]} Rc7+ {[%emt 0:00:09]} 68. Kh6 {[%emt 0:00:03]} Rc8 {[%emt 0:00:12]} 69. Rg8 {[%emt 0:00:43]} Rc6+ {[%emt 0:00:05]} 70. Kg5 {[%emt 0:01:00]} 1-0

[Event "Mitropa Online Cup Women 2021"]
[Site "Hybrid"]
[Date "2021.05.04"]
[Round "7.1"]
[White "Lubbe, Melanie"]
[Black "Gueci, Tea"]
[Result "1-0"]
[WhiteElo "2274"]
[BlackElo "2204"]
[Annotator "NA"]
[PlyCount "83"]
[EventDate "2021.05.04"]
[EventType "team-tourn"]
[EventCountry "NET"]
[SourceTitle "playchess.com"]
[Source "ChessBase"]
[SourceQuality "1"]
[WhiteTeam "Germany"]
[BlackTeam "Italy"]
[WhiteTeamCountry "GER"]
[BlackTeamCountry "ITA"]
[TimeControl "40/5400+30:1800+30"]

1. e4 {[%emt 0:00:00]} c5 {[%emt 0:00:03]} 2. f4 {[%emt 0:00:12]} Nc6 {[%emt 0:00:47]} 3. Nf3 {[%emt 0:00:45]} g6 {[%emt 0:01:31]} 4. Bb5 {[%emt 0:01:41]} Bg7 {[%emt 0:00:32]} 5. O-O {[%emt 0:01:12]} Nd4 {[%emt 0:05:21]} 6. Nxd4 {[%emt 0:03:10]} cxd4 {[%emt 0:01:32]} 7. Qf3 {[%emt 0:02:12]} Qb6 {[%emt 0:15:45]} 8. Na3 {[%emt 0:11:38]} f5 {[%emt 0:26:00]} 9. exf5 {[%emt 0:15:39]} gxf5 {[%emt 0:00:20]} 10. Bd3 {[%emt 0:01:38]} Nh6 {[%emt 0:04:43]} 11. Re1 {[%emt 0:07:12]} Qf6 {[%emt 0:04:43]} 12. Nb5 {[%emt 0:04:17]} O-O {[%emt 0:01:56]} 13. Nc7 {[%emt 0:02:11]} Rb8 {[%emt 0:02:20]} 14. Nd5 {[%emt 0:00:16]} Qd6 {[%emt 0:01:46]} 15. Nxe7+ {[%emt 0:02:26]} Kh8 {[%emt 0:00:20]} 16. Nxc8 {[%emt 0:02:08]} Rfxc8 {[%emt 0:01:15]} 17. a4 {[%emt 0:04:40]} Re8 {[%emt 0:03:44]} 18. Rf1 {[%emt 0:00:13]} Qe6 {[%emt 0:07:55]} 19. b3 {[%emt 0:02:42]} Ng4 {[%emt 0:01:58]} 20. Bb2 {[%emt 0:02:16]} b6 {[%emt 0:01:52]} 21. h3 {[%emt 0:01:57]} Nh6 {[%emt 0:01:19]} 22. Qf2 {[%emt 0:04:01]} Qd6 {[%emt 0:00:47]} 23. Rfe1 {[%emt 0:01:05]} Re6 {[%emt 0:02:52]} 24. Rxe6 {[%emt 0:04:30]} dxe6 {[%emt 0:00:03]} 25. Ba3 {[%emt 0:00:36]} Qc6 {[%emt 0:01:45]} 26. Re1 {[%emt 0:00:37]} Nf7 {[%emt 0:02:27]} 27. Bc4 {[%emt 0:01:49]} Nd8 {[%emt 0:01:59]} 28. Be7 {[%emt 0:03:29]} d3 {[%emt 0:00:56]} 29. Bxd3 {[%emt 0:01:53]} Qd7 {[%emt 0:02:44]} 30. Qh4 {[%emt 0:00:09]} Nc6 {[%emt 0:00:50]} 31. Bf6 {[%emt 0:01:00]} Nd4 {[%emt 0:00:43]} 32. Bxg7+ {[%emt 0:03:04]} Qxg7 {[%emt 0:00:02]} 33. Qf2 {[%emt 0:01:00]} Re8 {[%emt 0:01:55]} 34. b4 {[%emt 0:03:31]} Re7 {[%emt 0:00:38]} 35. c3 {[%emt 0:00:53]} Nc6 {[%emt 0:00:29]} 36. Qf3 {[%emt 0:00:21]} Nd8 {[%emt 0:00:52]} 37. Bb5 {[%emt 0:02:17]} h6 {[%emt 0:01:40]} 38. d4 {[%emt 0:03:31]} Nb7 {[%emt 0:00:21]} 39. Bd3 {[%emt 0:04:27]} Nd6 {[%emt 0:00:39]} 40. Kh2 {[%emt 0:00:00]} Qf6 {[%emt 0:00:00]} 41. Qe3 {[%emt 0:09:29]} Nf7 {[%emt 0:04:05]} 42. c4 {[%emt 0:02:45]} 1-0

[Event "Mitropa Online Cup Women 2021"]
[Site "Hybrid"]
[Date "2021.05.04"]
[Round "7.2"]
[White "Guichard, Pauline"]
[Black "Janzelj, Lara"]
[Result "1/2-1/2"]
[WhiteElo "2415"]
[BlackElo "2212"]
[Annotator "RC"]
[PlyCount "210"]
[EventDate "2021.05.04"]
[EventType "team-tourn"]
[EventCountry "NET"]
[SourceTitle "playchess.com"]
[Source "ChessBase"]
[SourceQuality "1"]
[WhiteTeam "France"]
[BlackTeam "Slovenia"]
[WhiteTeamCountry "FRA"]
[BlackTeamCountry "SLO"]
[TimeControl "40/5400+30:1800+30"]

1. d4 {[%emt 0:00:00]} d5 {[%emt 0:00:15]} 2. Nf3 {[%emt 0:00:07]} Nf6 {[%emt 0:00:10]} 3. Bf4 {[%emt 0:00:06]} e6 {[%emt 0:00:20]} 4. Nbd2 {[%emt 0:00:17]} c5 {[%emt 0:00:16]} 5. e3 {[%emt 0:00:48]} Nc6 {[%emt 0:01:53]} 6. c3 {[%emt 0:00:34]} Bd6 {[%emt 0:00:13]} 7. Bg3 {[%emt 0:00:10]} O-O {[%emt 0:00:22]} 8. Bd3 {[%emt 0:00:16]} Qe7 {[%emt 0:00:23]} 9. Ne5 {[%emt 0:00:32]} Nd7 {[%emt 0:00:32]} 10. Nxd7 {[%emt 0:00:16]} Qxd7 {[%emt 0:00:11]} 11. dxc5 {[%emt 0:00:30]} Bxc5 {[%emt 0:00:08]} 12. O-O {[%emt 0:00:59]} Bd6 {[%emt 0:01:43]} 13. Qc2 {[%emt 0:02:00]} h6 {[%emt 0:04:20]} 14. e4 {[%emt 0:05:41]} Bxg3 {[%emt 0:04:11]} 15. hxg3 {[%emt 0:00:21]} d4 {[%emt 0:06:10]} 16. Nf3 {[%emt 0:05:32]} Qd6 {[%emt 0:17:19]} 17. Bb5 {[%emt 0:18:13]} dxc3 {[%emt 0:01:40]} 18. Qxc3 {[%emt 0:00:27]} Bd7 {[%emt 0:00:56]} 19. Rfd1 {[%emt 0:04:23]} Qe7 {[%emt 0:02:05]} 20. Rd3 {[%emt 0:02:50]} Rfd8 {[%emt 0:01:52]} 21. Rad1 {[%emt 0:03:42]} Be8 {[%emt 0:04:08]} 22. Bxc6 {[%emt 0:00:46]} Bxc6 {[%emt 0:00:38]} 23. Ne5 {[%emt 0:01:41]} Bb5 {[%emt 0:26:59]} 24. Rd4 {[%emt 0:01:22]} Rdc8 {[%emt 0:03:26]} 25. Qa5 {[%emt 0:09:29]} Be2 {[%emt 0:06:36]} 26. Re1 {[%emt 0:08:48]} Qg5 {[%emt 0:03:03]} 27. Nc6 {[%emt 0:16:00]} Qxa5 {[%emt 0:02:55]} 28. Nxa5 {[%emt 0:00:08]} Rc2 {[%emt 0:00:28]} 29. b4 {[%emt 0:02:08]} b6 {[%emt 0:01:02]} 30. Nb7 {[%emt 0:01:41]} Rb8 {[%emt 0:02:00]} 31. Nd8 {[%emt 0:01:35]} Bb5 {[%emt 0:01:47]} 32. a4 {[%emt 0:03:35]} Bxa4 {[%emt 0:02:24]} 33. Ra1 {[%emt 0:00:10]} Be8 {[%emt 0:00:50]} 34. Rxa7 {[%emt 0:06:50]} Rcc8 {[%emt 0:00:56]} 35. Nxf7 {[%emt 0:00:09]} Bxf7 {[%emt 0:00:58]} 36. Rdd7 {[%emt 0:00:17]} Rc1+ {[%emt 0:00:21]} 37. Kh2 {[%emt 0:00:11]} Rf8 {[%emt 0:00:06]} 38. Rdb7 {[%emt 0:04:55]} Rc4 {[%emt 0:01:08]} 39. Rxb6 {[%emt 0:00:25]} Rxe4 {[%emt 0:00:13]} 40. Rbb7 {[%emt 0:00:00]} Re5 {[%emt 0:00:00]} 41. b5 {[%emt 0:10:00]} Rf5 {[%emt 0:12:33]} 42. f3 {[%emt 0:18:37]} g6 {[%emt 0:05:54]} 43. g4 {[%emt 0:00:47]} Rc5 {[%emt 0:00:59]} 44. b6 {[%emt 0:03:01]} Rb5 {[%emt 0:00:11]} 45. Ra2 {[%emt 0:00:39]} Kg7 {[%emt 0:00:51]} 46. Rd2 {[%emt 0:00:43]} Kf6 {[%emt 0:01:08]} 47. Rd6 {[%emt 0:00:24]} Rc8 {[%emt 0:01:45]} 48. Rdd7 {[%emt 0:01:09]} Be8 {[%emt 0:00:47]} 49. Re7 {[%emt 0:00:06]} Rb2 {[%emt 0:02:04]} 50. Rbc7 {[%emt 0:00:17]} Rxb6 {[%emt 0:01:01]} 51. Rxe6+ {[%emt 0:00:18]} Rxe6 {[%emt 0:01:07]} 52. Rxc8 {[%emt 0:00:08]} g5 {[%emt 0:00:34]} 53. Kg3 {[%emt 0:00:11]} Bb5 {[%emt 0:00:38]} 54. Rc5 {[%emt 0:00:27]} Ba6 {[%emt 0:00:26]} 55. Rf5+ {[%emt 0:00:12]} Kg6 {[%emt 0:00:06]} 56. Ra5 {[%emt 0:00:08]} Rb6 {[%emt 0:00:46]} 57. Ra2 {[%emt 0:00:13]} Bd3 {[%emt 0:00:36]} 58. Ra3 {[%emt 0:00:18]} Bc4 {[%emt 0:00:18]} 59. Ra4 {[%emt 0:00:06]} Rc6 {[%emt 0:00:17]} 60. Rb4 {[%emt 0:00:49]} Kf6 {[%emt 0:00:21]} 61. Rb8 {[%emt 0:00:21]} Ke5 {[%emt 0:00:33]} 62. Re8+ {[%emt 0:00:34]} Re6 {[%emt 0:01:07]} 63. Rd8 {[%emt 0:00:11]} Bd5 {[%emt 0:00:34]} 64. Kf2 {[%emt 0:01:28]} Kd4 {[%emt 0:01:02]} 65. Rd7 {[%emt 0:00:27]} Ra6 {[%emt 0:01:27]} 66. Kg3 {[%emt 0:00:25]} Ke5 {[%emt 0:00:43]} 67. Rh7 {[%emt 0:00:28]} Rd6 {[%emt 0:00:13]} 68. Re7+ {[%emt 0:00:13]} Kd4 {[%emt 0:00:20]} 69. Kf2 {[%emt 0:00:14]} Bc4 {[%emt 0:00:30]} 70. Rh7 {[%emt 0:02:13]} Kd3 {[%emt 0:00:31]} 71. Rh8 {[%emt 0:00:14]} Kd2 {[%emt 0:00:13]} 72. Rc8 {[%emt 0:00:54]} Bd3 {[%emt 0:00:22]} 73. Re8 {[%emt 0:00:26]} Ra6 {[%emt 0:00:48]} 74. Re7 {[%emt 0:00:26]} Ra2 {[%emt 0:00:39]} 75. Re6 {[%emt 0:00:21]} Kd1+ {[%emt 0:00:41]} 76. Kg3 {[%emt 0:00:19]} Ra6 {[%emt 0:03:40]} 77. Re5 {[%emt 0:00:11]} Be2 {[%emt 0:00:22]} 78. Kf2 {[%emt 0:00:11]} Bc4 {[%emt 0:00:58]} 79. Re1+ {[%emt 0:00:46]} Kd2 {[%emt 0:00:12]} 80. Re4 {[%emt 0:00:20]} Ra2 {[%emt 0:00:49]} 81. Re7 {[%emt 0:00:53]} Kd1+ {[%emt 0:00:19]} 82. Kg1 {[%emt 0:00:11]} Re2 {[%emt 0:01:51]} 83. Rc7 {[%emt 0:00:16]} Ba2 {[%emt 0:00:48]} 84. Ra7 {[%emt 0:00:39]} Ke1 {[%emt 0:01:48]} 85. Ra6 {[%emt 0:00:27]} Be6 {[%emt 0:00:07]} 86. Rd6 {[%emt 0:01:09]} Re5 {[%emt 0:00:19]} 87. Ra6 {[%emt 0:00:15]} Ke2 {[%emt 0:00:27]} 88. Rb6 {[%emt 0:00:13]} Ke3 {[%emt 0:00:26]} 89. Rd6 {[%emt 0:00:12]} Ke2 {[%emt 0:01:07]} 90. Ra6 {[%emt 0:00:13]} Bc4 {[%emt 0:02:10]} 91. Rc6 {[%emt 0:00:49]} Bd5 {[%emt 0:01:34]} 92. Rxh6 {[%emt 0:00:12]} Bxf3 {[%emt 0:00:22]} 93. gxf3 {[%emt 0:00:13]} Kxf3 {[%emt 0:00:04]} 94. Rf6+ {[%emt 0:00:13]} Kg3 {[%emt 0:00:20]} 95. Rf1 {[%emt 0:00:11]} Kxg4 {[%emt 0:00:20]} 96. Ra1 {[%emt 0:00:16]} Re3 {[%emt 0:00:10]} 97. Kg2 {[%emt 0:00:10]} Re2+ {[%emt 0:00:07]} 98. Kf1 {[%emt 0:00:17]} Rb2 {[%emt 0:00:13]} 99. Kg1 {[%emt 0:00:11]} Kh4 {[%emt 0:00:16]} 100. Ra4+ {[%emt 0:00:18]} g4 {[%emt 0:00:07]} 101. Ra1 {[%emt 0:00:14]} Kh3 {[%emt 0:00:09]} 102. Ra3+ {[%emt 0:00:26]} g3 {[%emt 0:00:05]} 103. Ra1 {[%emt 0:00:14]} Rc2 {[%emt 0:00:27]} 104. Rb1 {[%emt 0:00:10]} Rc3 {[%emt 0:00:10]} 105. Ra1 {[%emt 0:00:15]} Rc2 {[%emt 0:00:17]} 1/2-1/2

[Event "Mitropa Online Cup Women 2021"]
[Site "Hybrid"]
[Date "2021.05.04"]
[Round "7.2"]
[White "Urh, Zala"]
[Black "Monpeurt, Cyrielle"]
[Result "1-0"]
[WhiteElo "2173"]
[BlackElo "2166"]
[Annotator "NA"]
[PlyCount "75"]
[EventDate "2021.05.04"]
[EventType "team-tourn"]
[EventCountry "NET"]
[SourceTitle "playchess.com"]
[Source "ChessBase"]
[SourceQuality "1"]
[WhiteTeam "Slovenia"]
[BlackTeam "France"]
[WhiteTeamCountry "SLO"]
[BlackTeamCountry "FRA"]
[TimeControl "40/5400+30:1800+30"]

1. d4 {[%emt 0:00:00]} Nf6 {[%emt 0:00:23]} 2. c4 {[%emt 0:00:09]} c5 {[%emt 0:00:10]} 3. d5 {[%emt 0:00:10]} e6 {[%emt 0:00:09]} 4. Nc3 {[%emt 0:00:10]} exd5 {[%emt 0:00:10]} 5. cxd5 {[%emt 0:00:08]} d6 {[%emt 0:00:10]} 6. Nf3 {[%emt 0:00:13]} g6 {[%emt 0:00:28]} 7. Bf4 {[%emt 0:00:09]} a6 {[%emt 0:00:21]} 8. a4 {[%emt 0:00:11]} Qe7 {[%emt 0:00:15]} 9. h3 {[%emt 0:01:09]} Nbd7 {[%emt 0:00:12]} 10. Nd2 {[%emt 0:00:50]} Ne5 {[%emt 0:02:07]} 11. e3 {[%emt 0:02:14]} Bg7 {[%emt 0:00:17]} 12. Be2 {[%emt 0:00:15]} O-O {[%emt 0:00:23]} 13. O-O {[%emt 0:00:13]} Rb8 {[%emt 0:00:23]} 14. Bg3 {[%emt 0:02:01]} Ne8 {[%emt 0:01:32]} 15. Re1 {[%emt 0:04:08]} f5 {[%emt 0:01:03]} 16. a5 {[%emt 0:05:22]} g5 {[%emt 0:10:09]} 17. f4 {[%emt 0:03:20]} Ng6 {[%emt 0:00:49]} 18. Nc4 {[%emt 0:07:02]} gxf4 {[%emt 0:19:13]} 19. exf4 {[%emt 0:02:26]} Bd4+ {[%emt 0:00:14]} 20. Kh1 {[%emt 0:02:47]} Qg7 {[%emt 0:01:59]} 21. Qd3 {[%emt 0:04:30]} Kh8 {[%emt 0:09:14]} 22. Bf1 {[%emt 0:05:17]} Bd7 {[%emt 0:06:11]} 23. Qf3 {[%emt 0:07:50]} Rd8 {[%emt 0:06:00]} 24. Ra3 {[%emt 0:19:45]} Bb5 {[%emt 0:05:42]} 25. Rb3 {[%emt 0:02:54]} Bxc4 {[%emt 0:07:42]} 26. Bxc4 {[%emt 0:00:16]} Rd7 {[%emt 0:02:22]} 27. Re6 {[%emt 0:09:21]} Nf6 {[%emt 0:09:56]} 28. Bd3 {[%emt 0:02:02]} Ne7 {[%emt 0:01:19]} 29. Bh4 {[%emt 0:06:05]} Rg8 {[%emt 0:06:29]} 30. Ne2 {[%emt 0:05:43]} Nfxd5 {[%emt 0:04:06]} 31. Bc4 {[%emt 0:00:15]} Ng6 {[%emt 0:01:45]} 32. Rxg6 {[%emt 0:01:09]} Qxg6 {[%emt 0:00:14]} 33. Qxd5 {[%emt 0:01:01]} Rgg7 {[%emt 0:01:42]} 34. Nxd4 {[%emt 0:02:53]} cxd4 {[%emt 0:00:10]} 35. Rg3 {[%emt 0:00:37]} Qe8 {[%emt 0:00:43]} 36. Rxg7 {[%emt 0:02:16]} Kxg7 {[%emt 0:00:09]} 37. Qxd4+ {[%emt 0:00:21]} Kh6 {[%emt 0:00:42]} 38. Qf6+ {[%emt 0:00:34]} 1-0